00577nam a22001937a 450000500170000001000150001702000110003203500140004303700130005708200210007010000340009124500620012526000460018727000700023330000210030370000100032494200300033499900190036420250131114954.0 aENG-143676 c600.00 aEN-127208 bDBAD/PUB a363.73874095421 aSulagna chattopadhyay 977294 aClimate Change in India/cSulagna Chattopadhyay hEnglish aIRIS PublicationbIRIS publication c2014 a707, Bhikaji cama Bhawan, Bhikaji Cama Place,bNew Delhi e110066 a424p;c23CM(pbk) 963021 cENhS2ddcm363.738740954 c208896d208896